[Event "12. Süder Sommerpokal"]
[Site "Recklinghausen"]
[Date "2001.08.08"]
[Round "5"]
[White "Litwak, Aleksej"]
[Black "Rebber, Christian"]
[Result "1-0"]
[WhiteElo "1955"]
[BlackElo "2154"]
[PlyCount "115"]
[EventDate "2001.??.??"]

1. e4 c5 2. Nf3 Nc6 3. c4 Nf6 4. Nc3 d6 5. d4 cxd4 6. Nxd4 g6 7. Be2 Bg7 8. Be3
O-O 9. O-O a6 10. f3 Bd7 11. Qd2 Rc8 12. Rac1 Qa5 13. Rfd1 Nxd4 14. Bxd4 Qd8
15. Bf1 Bc6 16. Kh1 Nd7 17. Be3 Rb8 18. b4 b5 19. cxb5 Bxb5 20. Bxb5 axb5 21.
Qe2 Bxc3 22. Rxc3 Ne5 23. Bh6 Re8 24. f4 Nd7 25. h4 Qb6 26. h5 Rec8 27. Rh3 Qc6
28. hxg6 fxg6 29. Qg4 d5 30. exd5 Nf6 31. Qe2 Nxd5 32. Qe5 Nf6 33. Qxe7 Rb7 34.
Rd8+ Rxd8 35. Qxd8+ Kf7 36. Qf8+ Ke6 37. Re3+ Kd5 38. Re5+ Kd4 39. Rc5 Qe6 40.
Re5 Qc6 41. Re1 Kd3 42. Qd8+ Rd7 43. Rd1+ Ke2 44. Rxd7 Nxd7 45. Qh4 Kf1 46. Qg3
Qd5 47. Bg5 Qe4 48. Bh4 Ke2 49. Qe1+ Kd3 50. Qd1+ Kc3 51. Qxd7 Qxf4 52. Qc6+
Kxb4 53. Be7+ Ka5 54. Qa8+ Kb6 55. Qd8+ Kc6 56. Qc8+ Kd5 57. Qd7+ Ke4 58. Qe6+
1-0

[Event "12. Süder Sommerpokal"]
[Site "Recklinghausen"]
[Date "2001.08.08"]
[Round "5"]
[White "Wachovius, Hans-Werner"]
[Black "Goihl, Mona"]
[Result "1/2-1/2"]
[WhiteElo "1824"]
[BlackElo "2134"]
[PlyCount "138"]
[EventDate "2001.??.??"]

1. d4 Nf6 2. Nf3 g6 3. c4 Bg7 4. Nc3 d5 5. Qb3 dxc4 6. Qxc4 O-O 7. e4 Nbd7 8.
Be2 Nb6 9. Qb3 c6 10. O-O Qc7 11. Bg5 Nh5 12. Rac1 h6 13. Be3 Nf4 14. Rfe1 Bg4
15. Bf1 Kh7 16. a4 Nh3+ 17. Kh1 Bxf3 18. gxf3 Ng5 19. Bg2 Qd7 20. a5 Nc8 21. f4
Ne6 22. d5 cxd5 23. Nxd5 Nd6 24. Red1 Qb5 25. Qxb5 Nxb5 26. e5 Rfe8 27. a6 bxa6
28. Nxe7 Rad8 29. Nd5 g5 30. f5 Nf4 31. Bxf4 gxf4 32. f6 Bf8 33. Re1 a5 34.
Nxf4 Bb4 35. Be4+ Kh8 36. Bc6 Bxe1 37. Rxe1 Nd4 38. Bxe8 Rxe8 39. e6 Nxe6 40.
Nxe6 fxe6 41. f7 Rf8 42. Rxe6 Rxf7 43. Kg2 Kg7 44. Ra6 Rb7 45. Rxa5 Rxb2 46.
Rxa7+ Kg6 47. Ra5 Rb4 48. Kg3 Rc4 49. f4 Rc1 50. h4 Rg1+ 51. Kf2 Rh1 52. Kg3
Rg1+ 53. Kf3 Rf1+ 54. Ke4 Re1+ 55. Kd3 Rh1 56. h5+ Rxh5 57. Rxh5 Kxh5 58. Ke4
Kg6 59. Ke5 h5 60. Ke6 h4 61. f5+ Kg5 62. f6 h3 63. f7 h2 64. f8=Q h1=Q 65.
Qf5+ Kh6 66. Qf8+ Kg5 67. Qe7+ Kf4 68. Qd6+ Ke3 69. Qa3+ Kf4 1/2-1/2

[Event "12. Süder Sommerpokal"]
[Site "Recklinghausen"]
[Date "2001.08.08"]
[Round "5"]
[White "Klueting, Reiner"]
[Black "Würtele, Armin"]
[Result "1/2-1/2"]
[WhiteElo "2131"]
[BlackElo "1834"]
[PlyCount "29"]
[EventDate "2001.??.??"]

1. e4 c5 2. Nf3 Nc6 3. d4 cxd4 4. c3 dxc3 5. Nxc3 d6 6. Bc4 a6 7. O-O Nf6 8.
Qe2 Bg4 9. Rd1 Bxf3 10. gxf3 Qc7 11. Bg5 e6 12. Rac1 Be7 13. Bb3 Qa5 14. f4 h6
15. Bh4 1/2-1/2

[Event "12. Süder Sommerpokal"]
[Site "Recklinghausen"]
[Date "2001.08.08"]
[Round "5"]
[White "Lauche, Christoph"]
[Black "Banik, Thorsten"]
[Result "0-1"]
[WhiteElo "1785"]
[BlackElo "2117"]
[PlyCount "40"]
[EventDate "2001.??.??"]

1. e4 c6 2. Nc3 d5 3. Qf3 e6 4. d4 Nf6 5. Bg5 Be7 6. e5 Nfd7 7. Bxe7 Qxe7 8. h4
a6 9. Qg4 f6 10. f4 c5 11. Nf3 Nc6 12. O-O-O cxd4 13. Nxd4 Nxd4 14. Rxd4 fxe5
15. fxe5 Nxe5 16. Qh5+ Nf7 17. Bd3 Qf6 18. Qd1 Bd7 19. Rf1 Qxd4 20. Rxf7 Qe3+
0-1

[Event "12. Süder Sommerpokal"]
[Site "Recklinghausen"]
[Date "2001.08.08"]
[Round "5"]
[White "Parado, Dominado"]
[Black "Herud, Martin"]
[Result "1-0"]
[WhiteElo "2107"]
[BlackElo "1800"]
[PlyCount "67"]
[EventDate "2001.??.??"]

1. d4 Nf6 2. c4 e5 3. e3 exd4 4. exd4 Bb4+ 5. Bd2 Qe7+ 6. Be2 O-O 7. a3 Bxd2+
8. Nxd2 d5 9. Kf1 Nc6 10. Ngf3 dxc4 11. Nxc4 Rd8 12. Qd3 Qe4 13. Qxe4 Nxe4 14.
Rd1 Be6 15. Ne3 Bb3 16. Rd3 Ba4 17. d5 Ne7 18. Rd4 Nc5 19. Rc4 b6 20. b4 Na6
21. Re4 Nxd5 22. Nxd5 Rxd5 23. Bxa6 Rd1+ 24. Re1 Rxe1+ 25. Kxe1 Rb8 26. Bc4 c5
27. b5 Rd8 28. Ke2 Kf8 29. Rc1 f6 30. Ne1 Rd4 31. Nd3 a6 32. bxa6 b5 33. a7 Rd8
34. Bd5 1-0

[Event "12. Süder Sommerpokal"]
[Site "Recklinghausen"]
[Date "2001.08.08"]
[Round "5"]
[White "Wagner, Ralf"]
[Black "Steinhagen, Dietrich"]
[Result "1-0"]
[WhiteElo "2089"]
[BlackElo "1819"]
[PlyCount "173"]
[EventDate "2001.??.??"]

1. e4 c6 2. d4 d5 3. e5 Bf5 4. Nc3 h6 5. g4 Bd7 6. f4 h5 7. g5 g6 8. Bd3 Qc8 9.
Qf3 Bg4 10. Qf2 e6 11. h3 Bf5 12. Bxf5 exf5 13. Nf3 Qe6 14. Na4 Nd7 15. Be3 b5
16. Nc5 Bxc5 17. dxc5 Nf8 18. a4 Qc8 19. axb5 cxb5 20. Nd4 a6 21. Qd2 Ne7 22.
Kf2 Ne6 23. b4 O-O 24. Ra5 Nc6 25. Nxc6 Qxc6 26. Bd4 Rfe8 27. Rd1 Red8 28. h4
Rd7 29. Kg3 Kh7 30. Qg2 Kg8 31. Bb2 Kh7 32. Rda1 Rda7 33. Rd1 Rd7 34. Bc3 Kg8
35. Rda1 Rb7 36. Qf2 Rd7 37. Bd4 Kh7 38. c3 Kg8 39. R1a3 Kh7 40. Kf3 Kg8 41.
Ke3 Kf8 42. Qg2 Rb7 43. Ra2 Kg8 44. Rd2 Rd7 45. Kf3 Kh7 46. Kg3 Kg8 47. Be3 Kh7
48. Ra1 Kg8 49. Rd3 Kh7 50. Rad1 Rad8 51. Qa2 Kg8 52. Bd4 Kh7 53. Qa5 Rb7 54.
Be3 Kg8 55. Bd4 Kh7 56. Ra1 Ra8 57. Be3 Kg8 58. Qa2 Rd7 59. Qg2 Kh7 60. Rd2 Kg8
61. Rc2 Rc8 62. Rd2 Kh7 63. Ra5 Ra8 64. Rb2 Rb7 65. Rc2 Rc8 66. Rd2 Rd7 67.
Rda2 Ra7 68. c4 dxc4 69. Qxc6 Rxc6 70. Rd2 Ra8 71. Rd6 Rxd6 72. exd6 Nd8 73.
Ra1 Nc6 74. Bd2 a5 75. bxa5 b4 76. a6 c3 77. Be1 Kg8 78. Kf2 Nd4 79. a7 Nb3 80.
c6 Kf8 81. d7 Ke7 82. Bxc3 bxc3 83. Re1+ Kd6 84. Re8 Kxc6 85. Rxa8 Kxd7 86. Rc8
Nd2 87. a8=Q 1-0

[Event "12. Süder Sommerpokal"]
[Site "Recklinghausen"]
[Date "2001.08.08"]
[Round "5"]
[White "Große-Frintrop, Gerd"]
[Black "Becker, Peter"]
[Result "1/2-1/2"]
[WhiteElo "2084"]
[BlackElo "1730"]
[PlyCount "134"]
[EventDate "2001.??.??"]

1. d4 d5 2. c4 e6 3. Nc3 Nf6 4. Bg5 Be7 5. cxd5 exd5 6. Qc2 O-O 7. e3 Be6 8.
Bd3 Nbd7 9. Nge2 h6 10. Bh4 Re8 11. O-O Nf8 12. f3 c5 13. dxc5 Bxc5 14. Bf2 Rc8
15. Qd2 Bd7 16. Rad1 Bc6 17. Bf5 Ra8 18. Nd4 Bxd4 19. Qxd4 Ne6 20. Bxe6 fxe6
21. Bg3 Qe7 22. Be5 Nd7 23. Rf2 Qg5 24. f4 Qg6 25. Rc1 Rf8 26. Rcf1 Nf6 27. Rf3
Nh5 28. R1f2 Rf7 29. f5 exf5 30. Ne2 Re8 31. Ng3 f4 32. exf4 Nf6 33. h3 Ne4 34.
Nxe4 Qxe4 35. Qxe4 dxe4 36. Re3 Rd7 37. Kh2 Rd3 38. Rfe2 Red8 39. Bc3 Rxe3 40.
Rxe3 Rd3 41. Re2 Kf7 42. Kg1 g6 43. Kf2 Ke6 44. Bd2 h5 45. Be3 a6 46. Rc2 Kf5
47. Rc1 Rd5 48. Rg1 Rb5 49. g4+ hxg4 50. hxg4+ Ke6 51. Bd4 Bd5 52. a3 Rb3 53.
Bc3 Rb6 54. Ke3 Bc6 55. Rh1 Kd5 56. Rh6 Be8 57. f5 Rc6 58. Rh8 Bd7 59. Rd8 Kd6
60. fxg6 Rc8 61. Bb4+ Ke6 62. Ba5 Rxd8 63. Bxd8 Be8 64. g7 Kf7 65. Kxe4 Kg8 66.
Bf6 Bc6+ 67. Kd4 Bf3 1/2-1/2

[Event "12. Süder Sommerpokal"]
[Site "Recklinghausen"]
[Date "2001.08.08"]
[Round "5"]
[White "Denig, Friedrich"]
[Black "Bischof, Rainer"]
[Result "1/2-1/2"]
[WhiteElo "1664"]
[BlackElo "2081"]
[PlyCount "100"]
[EventDate "2001.??.??"]

1. d4 d5 2. c4 c5 3. dxc5 Nf6 4. cxd5 Qxd5 5. Qxd5 Nxd5 6. a3 a5 7. e4 Nf6 8.
Nc3 e6 9. Bb5+ Bd7 10. Nf3 Nc6 11. Be3 Be7 12. Rd1 Rd8 13. h3 O-O 14. e5 Ne8
15. O-O Nc7 16. Bxc6 Bxc6 17. b4 axb4 18. axb4 Bxf3 19. gxf3 Na6 20. Na4 Rxd1
21. Rxd1 Rd8 22. Rxd8+ Bxd8 23. b5 Nb8 24. f4 f6 25. Nb2 g5 26. fxg5 fxe5 27.
Nc4 Be7 28. Nxe5 Kf8 29. Nd7+ Nxd7 30. c6 bxc6 31. bxc6 Bd8 32. cxd7 Ke7 33.
Kg2 Kxd7 34. Kf3 Ke8 35. h4 Kf7 36. h5 Be7 37. Kg4 Bd8 38. Bd4 Be7 39. Be5 Bd8
40. f4 Be7 41. Kf3 Bd8 42. Ke4 Be7 43. Kd4 Bf8 44. Kc4 Be7 45. Kb5 Bf8 46. Kc6
Ba3 47. Kd7 Bc1 48. g6+ hxg6 49. h6 Kg8 50. Kxe6 Kh7 1/2-1/2

[Event "12. Süder Sommerpokal"]
[Site "Recklinghausen"]
[Date "2001.08.08"]
[Round "5"]
[White "Czarnik, Josef"]
[Black "Matrisch, Gerd"]
[Result "0-1"]
[WhiteElo "2068"]
[BlackElo "1799"]
[PlyCount "60"]
[EventDate "2001.??.??"]

1. d4 Nf6 2. Nc3 d5 3. Bg5 Ne4 4. Nxe4 dxe4 5. c4 f6 6. Bc1 Bf5 7. e3 e6 8. Ne2
Bb4+ 9. Bd2 Bxd2+ 10. Qxd2 O-O 11. O-O-O c6 12. h4 Bg4 13. Kb1 Na6 14. Rc1 Bxe2
15. Bxe2 Nc7 16. g4 Qe7 17. Qc2 f5 18. g5 Kh8 19. Rcg1 e5 20. Rd1 Rad8 21. Qc3
exd4 22. Rxd4 c5 23. Rdd1 b6 24. Rhg1 Na6 25. h5 Kg8 26. Rd5 Nb4 27. Re5 Qc7
28. f4 exf3 29. Bxf3 Rd3 30. Bd5+ Kh8 0-1

[Event "12. Süder Sommerpokal"]
[Site "Recklinghausen"]
[Date "2001.08.08"]
[Round "5"]
[White "Fuhrmann, Marc Andre"]
[Black "Hänisch, Jens"]
[Result "1-0"]
[WhiteElo "1616"]
[BlackElo "2057"]
[PlyCount "116"]
[EventDate "2001.??.??"]

1. d4 Nf6 2. Nf3 d5 3. c4 e6 4. cxd5 exd5 5. Nc3 c6 6. Bg5 Be7 7. Qc2 Bg4 8. e3
Nbd7 9. Bd3 Bxf3 10. gxf3 h6 11. Bf4 Nh5 12. Be5 Nxe5 13. dxe5 d4 14. exd4 Qxd4
15. e6 Qe5+ 16. Qe2 Qxe2+ 17. Nxe2 O-O-O 18. Bc4 Bb4+ 19. Nc3 fxe6 20. Bxe6+
Kb8 21. O-O Nf4 22. Rfe1 Rd2 23. Rab1 Re8 24. Re4 Bxc3 25. Rxf4 Bd4 26. Re4
Bxf2+ 27. Kh1 Bc5 28. Bh3 Red8 29. Ree1 Rf2 30. Rf1 Rdd2 31. Rxf2 Rxf2 32. Bg2
Bd4 33. b3 Rxa2 34. h3 c5 35. Kh2 Kc7 36. f4 a5 37. Kg3 b6 38. Bd5 a4 39. bxa4
Rxa4 40. f5 c4 41. Kf3 c3 42. Be4 Kd6 43. Ke2 Kc5 44. Bc2 Ra7 45. Bd3 Ra5 46.
Bc2 b5 47. Kd3 Ra8 48. Bb3 Rd8 49. Rd1 Re8 50. Be6 Ra8 51. Bb3 Rf8 52. Be6 b4
53. Kc2 Rf6 54. Re1 g6 55. fxg6 Rf2+ 56. Kc1 Rg2 57. Bf7 Bf6 58. Rf1 Bg5+ 1-0

[Event "12. Süder Sommerpokal"]
[Site "Recklinghausen"]
[Date "2001.08.08"]
[Round "5"]
[White "Kiefer, Johannes"]
[Black "Günnewig, Hans-Norbert"]
[Result "1-0"]
[WhiteElo "1704"]
[BlackElo "2037"]
[PlyCount "75"]
[EventDate "2001.??.??"]

1. c4 Nf6 2. Nc3 g6 3. d4 Bg7 4. e4 d6 5. f3 O-O 6. Be3 Nbd7 7. h4 c5 8. d5 a6
9. g4 b5 10. Qd2 bxc4 11. Bxc4 Ne5 12. Be2 Qa5 13. h5 Rb8 14. hxg6 fxg6 15. Nh3
c4 16. Nf2 Nfxg4 17. fxg4 Nxg4 18. Nxg4 Rxb2 19. Qxb2 Bxc3+ 20. Bd2 Bxb2 21.
Bxa5 Bxa1 22. Nh6+ Kg7 23. Bxc4 Bd7 24. Bd2 Bb5 25. Bxb5 axb5 26. Ke2 Be5 27.
Nf5+ gxf5 28. Bh6+ Kf7 29. Bxf8 Kxf8 30. exf5 Kf7 31. Kf3 b4 32. Rxh7+ Kf6 33.
Ke4 Bc3 34. Rh8 Be1 35. Rh6+ Kf7 36. f6 exf6 37. Kf5 Bc3 38. Rh7+ {
Rest unleserlich} 1-0

[Event "12. Süder Sommerpokal"]
[Site "Recklinghausen"]
[Date "2001.08.08"]
[Round "5"]
[White "Leveikina, Jevgenija"]
[Black "Ünlü, Murat"]
[Result "0-1"]
[WhiteElo "2021"]
[BlackElo "1672"]
[PlyCount "90"]
[EventDate "2001.??.??"]

1. d4 c5 2. d5 Nf6 3. c4 e6 4. Nc3 exd5 5. cxd5 d6 6. e4 g6 7. f4 Bg7 8. Nf3
O-O 9. Bd3 a6 10. a4 Qc7 11. O-O b6 12. Bd2 Nbd7 13. Rc1 Bb7 14. Kh1 Rae8 15.
Ng5 Re7 16. Qf3 Rfe8 17. Rce1 Bc8 18. Qe2 h6 19. Nf3 Nxe4 20. Nxe4 f5 21. Ne5
Nxe5 22. fxe5 Rxe5 23. Bf4 fxe4 24. Bxe5 exd3 25. Qxd3 Rxe5 26. Qxg6 Bf5 27.
Qh5 Rxe1 28. Rxe1 Qf7 29. Re8+ Bf8 30. Qxf7+ Kxf7 31. Rb8 Bc2 32. Rxb6 Bxa4 33.
Rxa6 Bb3 34. Ra7+ Be7 35. Kg1 Bxd5 36. Kf2 Bb3 37. Ra3 c4 38. Ke3 Bf6 39. Ra7+
Ke6 40. Rh7 Kd5 41. Ke2 Bg5 42. h4 Bc1 43. g4 Bxb2 44. Rxh6 c3 45. Rh5+ Kc6 0-1

[Event "12. Süder Sommerpokal"]
[Site "Recklinghausen"]
[Date "2001.08.08"]
[Round "5"]
[White "Beyer, Thomas"]
[Black "Ackermann, Frank"]
[Result "0-1"]
[WhiteElo "1682"]
[BlackElo "1961"]
[PlyCount "62"]
[EventDate "2001.??.??"]

1. f4 d5 2. g3 Nf6 3. Bg2 Nc6 4. Nf3 Bf5 5. d3 e6 6. O-O Bc5+ 7. e3 Qe7 8. Ne5
h5 9. h4 Ng4 10. d4 Bd6 11. Nc3 Rd8 12. a3 Nb8 13. Ne2 f6 14. Nd3 g5 15. fxg5
fxg5 16. e4 dxe4 17. Bxg5 Qg7 18. Nf2 Be7 19. Nxg4 Bxg5 20. Rxf5 exf5 21. hxg5
hxg4 22. Qd2 c5 23. c3 Nc6 24. d5 Ne5 25. Re1 Nf3+ 26. Bxf3 gxf3 27. Nc1 Qh7
28. Kf2 Qh2+ 29. Ke3 Qxg3 30. Qf2 f4+ 31. Kxe4 Qxf2 0-1

[Event "12. Süder Sommerpokal"]
[Site "Recklinghausen"]
[Date "2001.08.08"]
[Round "5"]
[White "Hahn, Matthias"]
[Black "Nebel, Rudi"]
[Result "1-0"]
[WhiteElo "1932"]
[BlackElo "1640"]
[PlyCount "75"]
[EventDate "2001.??.??"]

1. d4 Nf6 2. Nf3 d6 3. c4 g6 4. Nc3 Bg7 5. g3 O-O 6. Bg2 c6 7. O-O Qc7 8. h3
Nbd7 9. e4 e5 10. Re1 Ne8 11. b3 f5 12. exf5 Rxf5 13. Bb2 Rf8 14. dxe5 Nxe5 15.
Nd4 Bf5 16. Nxf5 Rxf5 17. Qe2 Rf8 18. f4 Nf7 19. Ne4 Nh6 20. Bxg7 Qxg7 21. Rad1
Rd8 22. Ng5 Nc7 23. Ne6 Nxe6 24. Qxe6+ Kh8 25. Rxd6 Nf5 26. Rxd8 Rxd8 27. Qe8+
Qg8 28. Qe5+ Ng7 29. Qc7 Re8 30. Re7 Qf8 31. Rf7 Qc5+ 32. Kh2 Qd4 33. Qe7 Rg8
34. Qxb7 Qc3 35. Qxa7 h5 36. h4 Re8 37. Re7 Rxe7 38. Qxe7 1-0

[Event "12. Süder Sommerpokal"]
[Site "Recklinghausen"]
[Date "2001.08.08"]
[Round "5"]
[White "Cordes, Mary Ann"]
[Black "Westermann, Bernhard"]
[Result "1-0"]
[WhiteElo "1931"]
[BlackElo "1650"]
[PlyCount "79"]
[EventDate "2001.??.??"]

1. e4 c6 2. d4 d5 3. e5 c5 4. c3 Nc6 5. Be3 Bf5 6. Bd3 Bxd3 7. Qxd3 e6 8. Nf3
cxd4 9. cxd4 Bb4+ 10. Nc3 Nge7 11. O-O a6 12. Rac1 Nf5 13. h3 O-O 14. g4 Nxe3
15. Qxe3 Rc8 16. a3 Bxc3 17. bxc3 Na5 18. Nd2 Nc4 19. Nxc4 Rxc4 20. f4 Qa5 21.
f5 Qxa3 22. f6 Rfc8 23. Qg5 g6 24. Qh6 Qf8 25. Qd2 b5 26. Kg2 Qa3 27. Ra1 Qf8
28. Rfc1 R8c6 29. h4 Qc8 30. h5 Rxc3 31. Rxc3 Rxc3 32. Qh6 Qf8 33. Qxf8+ Kxf8
34. Rxa6 Rc8 35. Rb6 Ke8 36. Rxb5 Kd7 37. Kf2 Rc4 38. Ke3 Rc3+ 39. Kf4 Rc4 40.
Rb7+ 1-0

[Event "12. Süder Sommerpokal"]
[Site "Recklinghausen"]
[Date "2001.08.08"]
[Round "5"]
[White "Biendara, Michael"]
[Black "Schreck, Peter"]
[Result "0-1"]
[WhiteElo "1912"]
[BlackElo "1621"]
[PlyCount "70"]
[EventDate "2001.??.??"]

1. e4 d5 2. exd5 Nf6 3. d4 Bg4 4. f3 Bf5 5. Bb5+ Nbd7 6. c4 a6 7. Bxd7+ Qxd7 8.
Nc3 b5 9. b3 c6 10. Qe2 bxc4 11. dxc6 Qxd4 12. Qe3 Qxe3+ 13. Bxe3 cxb3 14. axb3
Bc2 15. b4 e5 16. b5 Bb4 17. Nge2 Nd5 18. Kf2 Nxe3 19. Kxe3 O-O 20. b6 Rfd8 21.
Ne4 f5 22. b7 fxe4 23. Kf2 e3+ 24. Kg3 Bd3 25. Rhd1 e4 26. f4 Rf8 27. bxa8=Q
Rxa8 28. c7 Rc8 29. Nc1 Bd2 30. Ra3 Bc2 31. Rh1 a5 32. Ra2 Rxc7 33. f5 a4 34.
Ne2 Bb3 35. Raa1 Ra7 0-1

[Event "12. Süder Sommerpokal"]
[Site "Recklinghausen"]
[Date "2001.08.08"]
[Round "5"]
[White "Jittenmeier, Franz"]
[Black "Thimm, Gerd"]
[Result "1-0"]
[WhiteElo "1902"]
[BlackElo "1634"]
[PlyCount "95"]
[EventDate "2001.??.??"]

1. e4 e6 2. Nf3 d5 3. e5 c5 4. b4 cxb4 5. d4 Bd7 6. Bd3 Qa5 7. O-O Bb5 8. Bxb5+
Qxb5 9. a3 Nc6 10. axb4 Nh6 11. Bxh6 gxh6 12. c3 a6 13. Na3 Qb6 14. Qd2 Rd8 15.
Nc2 Qc7 16. Ne3 Rg8 17. Qd3 Rg7 18. b5 Na7 19. bxa6 b5 20. Rfb1 Be7 21. Nf1 Kf8
22. Ng3 Kg8 23. Nh5 Rg6 24. Nf4 Rg4 25. g3 Kh8 26. h3 Rg7 27. Kh2 Rdg8 28. Qd2
Rc8 29. Ne2 Qc4 30. Ne1 h5 31. Ng2 Rcg8 32. Ng1 h4 33. Ne3 hxg3+ 34. fxg3 Qc7
35. Ne2 h5 36. Rf1 Nc6 37. Rf3 Na5 38. Qa2 Bd8 39. Qa3 h4 40. g4 Qb6 41. Raf1
Qa7 42. Qb4 Bb6 43. Nf4 Qxa6 44. Nh5 Rg6 45. Rxf7 Nc6 46. Qb1 b4 47. Nf6 Qe2+
48. Kh1 1-0

[Event "12. Süder Sommerpokal"]
[Site "Recklinghausen"]
[Date "2001.08.08"]
[Round "5"]
[White "Manthei, Michael"]
[Black "Bembennek, Ralf"]
[Result "1-0"]
[WhiteElo "1874"]
[BlackElo "1590"]
[PlyCount "93"]
[EventDate "2001.??.??"]

1. b3 e5 2. Bb2 Nc6 3. g3 d5 4. Bg2 Nf6 5. h3 Bc5 6. e3 O-O 7. a3 e4 8. d4 Bd6
9. c4 Be6 10. Nd2 h5 11. Ne2 Re8 12. Nc3 h4 13. g4 dxc4 14. bxc4 Na5 15. Qe2 c5
16. d5 Bd7 17. Ncxe4 Nxe4 18. Nxe4 Be5 19. Bxe5 Rxe5 20. Nxc5 Be8 21. Nd3 Nb3
22. O-O Re7 23. Rab1 Ba4 24. Nc1 Nc5 25. Qd2 Qd6 26. Qb4 Bc2 27. Rb2 Bg6 28.
Nb3 b6 29. Nxc5 bxc5 30. Qc3 f5 31. f4 Rae8 32. Re1 Bh7 33. g5 Bg6 34. Bf3 Kh7
35. Kf2 Qa6 36. Rb5 Qd6 37. Qa5 Rc7 38. Qa4 Rce7 39. Ra5 Rb7 40. Qc6 Qb8 41.
Rb5 Ree7 42. d6 Rxb5 43. cxb5 Re6 44. Rd1 Be8 45. Qxc5 Bxb5 46. Qxf5+ Rg6 47.
Be4 1-0

[Event "12. Süder Sommerpokal"]
[Site "Recklinghausen"]
[Date "2001.08.08"]
[Round "5"]
[White "von Beers, Rainer"]
[Black "Diebig, Maja"]
[Result "1-0"]
[WhiteElo "1864"]
[BlackElo "1612"]
[PlyCount "57"]
[EventDate "2001.??.??"]

1. e4 c5 2. Nf3 e6 3. Nc3 Nc6 4. Bb5 a6 5. Bxc6 bxc6 6. d4 cxd4 7. Qxd4 Nf6 8.
Bg5 Be7 9. O-O O-O 10. Rad1 d5 11. Qe3 Qc7 12. Bf4 Qb7 13. b3 Bb4 14. e5 Bxc3
15. Qxc3 Ne4 16. Qe3 f6 17. exf6 Rxf6 18. Ne5 Rf8 19. f3 Nf6 20. c4 Bd7 21. c5
Nh5 22. Bg5 Rae8 23. Rd4 Qc7 24. Rh4 Nf6 25. Re1 Bc8 26. Qd3 h6 27. Bd2 Nd7 28.
Ng4 Nxc5 29. Qg6 1-0

[Event "12. Süder Sommerpokal"]
[Site "Recklinghausen"]
[Date "2001.08.08"]
[Round "5"]
[White "Barskij, Aleksandr"]
[Black "König, Daniela"]
[Result "1-0"]
[WhiteElo "1859"]
[BlackElo "1492"]
[PlyCount "55"]
[EventDate "2001.??.??"]

1. e4 c5 2. Nf3 Nc6 3. d4 cxd4 4. Nxd4 d6 5. Nc3 Nf6 6. Bg5 e6 7. Qd2 Bd7 8.
O-O-O h6 9. Bxf6 gxf6 10. Ndb5 Ne5 11. Nxd6+ Bxd6 12. Qxd6 a6 13. f4 Ng4 14.
Qd2 h5 15. h3 Nh6 16. Be2 h4 17. Bf3 Qc7 18. Qd6 Qc8 19. Rhe1 Bc6 20. Nd5 Bxd5
21. Rxd5 Ng8 22. Rc5 Qd8 23. Qc7 b5 24. Rd1 Qxc7 25. Rxc7 Rd8 26. Ra7 Rxd1+ 27.
Kxd1 Ne7 28. Ra8+ 1-0

[Event "12. Süder Sommerpokal"]
[Site "Recklinghausen"]
[Date "2001.08.08"]
[Round "5"]
[White "Baumann, Ralf-Rüdiger"]
[Black "Diebig, Klaus"]
[Result "0-1"]
[WhiteElo "1460"]
[BlackElo "1849"]
[PlyCount "72"]
[EventDate "2001.??.??"]

1. e4 c5 2. Nf3 Nc6 3. d3 d6 4. g3 g6 5. Bg2 Bg7 6. O-O Nf6 7. Nbd2 O-O 8. a4
Bd7 9. Nc4 Qc7 10. Bd2 Rab8 11. c3 a6 12. a5 Ng4 13. Bf4 e5 14. Bd2 h6 15. Nb6
Be6 16. Qc1 Kh7 17. b4 Nf6 18. Re1 Nd7 19. bxc5 Nxc5 20. Qc2 Nb3 21. c4 Nxa1
22. Rxa1 Bg4 23. Nd5 Qd8 24. Be3 Be6 25. Bb6 Qd7 26. Qa4 Bh3 27. Bh1 f5 28. Rb1
fxe4 29. dxe4 Bg4 30. Rb3 Rf7 31. Rd3 Rbf8 32. Ne1 Rxf2 33. Bxf2 Qf7 34. Qa2
Nd4 35. Bg2 Ne2+ 36. Kh1 Qxf2 0-1

[Event "12. Süder Sommerpokal"]
[Site "Recklinghausen"]
[Date "2001.08.08"]
[Round "5"]
[White "Lüder, Thomas"]
[Black "Lautenschütz, Ludger"]
[Result "1/2-1/2"]
[WhiteElo "1836"]
[BlackElo "1582"]
[PlyCount "53"]
[EventDate "2001.??.??"]

1. e4 e6 2. f4 d5 3. e5 c5 4. d3 Nc6 5. Nf3 Bd7 6. Be3 Qb6 7. Qc1 Be7 8. Be2
Nh6 9. O-O O-O 10. c3 Rac8 11. Kh1 d4 12. Bg1 Rfd8 13. Nbd2 Be8 14. Ne4 a6 15.
Qd2 Qa7 16. c4 b5 17. b3 bxc4 18. bxc4 Rb8 19. Rab1 Rd7 20. a3 Rdb7 21. Qa2 Rb6
22. Nfd2 Na5 23. Rxb6 Rxb6 24. Rb1 Qb7 25. Rxb6 Qxb6 26. Qc2 Bc6 27. Bf3
1/2-1/2

[Event "12. Süder Sommerpokal"]
[Site "Recklinghausen"]
[Date "2001.08.08"]
[Round "5"]
[White "Verfürth, Christian"]
[Black "Sprewitz, Ingo"]
[Result "1-0"]
[WhiteElo "1807"]
[BlackElo "1562"]
[PlyCount "111"]
[EventDate "2001.??.??"]

1. d4 d5 2. Nf3 Nf6 3. e3 c5 4. dxc5 Qa5+ 5. Nbd2 Qxc5 6. a3 Nc6 7. b4 Qd6 8.
Bb2 a6 9. c4 dxc4 10. Bxc4 b5 11. Be2 e5 12. O-O Bb7 13. Rc1 Be7 14. Rc2 O-O
15. Qa1 Nd7 16. Rd1 Qe6 17. Nb1 Bf6 18. Rcd2 Rad8 19. Rd6 Qe8 20. Nc3 Nb6 21.
Ne4 Rxd6 22. Nxd6 Qe7 23. Nxb7 Qxb7 24. Nxe5 Na4 25. Bd4 Nxd4 26. exd4 Rc8 27.
Bf3 Qc7 28. Bg4 Re8 29. Nd7 Qf4 30. Nxf6+ Qxf6 31. Qc1 Rd8 32. Qe3 Nb2 33. Re1
h6 34. Qe5 Nc4 35. Qg3 Qxd4 36. h4 Qd3 37. Rd1 Qxd1+ 38. Bxd1 Rxd1+ 39. Kh2 Kh7
40. Qf4 Nd6 41. Qf3 Rd4 42. g3 g6 43. Kg2 Re4 44. h5 g5 45. Qd3 Kg7 46. Qxd6
Re6 47. Qd4+ Kh7 48. Kh3 Kg8 49. Kg4 Kf8 50. f4 gxf4 51. gxf4 Ke7 52. Kf5 Ke8
53. Qa7 Kf8 54. Qd7 Kg7 55. Qxe6 fxe6+ 56. Kxe6 1-0

[Event "12. Süder Sommerpokal"]
[Site "Recklinghausen"]
[Date "2001.08.08"]
[Round "5"]
[White "Otto, Michael"]
[Black "Wolters, Gunnar"]
[Result "1-0"]
[WhiteElo "1796"]
[BlackElo "1432"]
[PlyCount "43"]
[EventDate "2001.??.??"]

1. e4 e5 2. Nf3 Nc6 3. Bc4 Bc5 4. c3 Nf6 5. d4 exd4 6. e5 Qe7 7. O-O Nxe5 8.
Nxe5 d5 9. Bb5+ Kf8 10. cxd4 Bd6 11. Re1 c6 12. Ng6+ hxg6 13. Rxe7 Kxe7 14. h3
cxb5 15. Bg5 Be6 16. Nc3 a6 17. Qf3 Rh5 18. Bxf6+ gxf6 19. Re1 Rd8 20. g4 Rhh8
21. Nxd5+ Kf8 22. Qxf6 1-0

[Event "12. Süder Sommerpokal"]
[Site "Recklinghausen"]
[Date "2001.08.08"]
[Round "5"]
[White "Stein, Daniel"]
[Black "Stepa, Rainer"]
[Result "0-1"]
[WhiteElo "1601"]
[BlackElo "1793"]
[PlyCount "102"]
[EventDate "2001.??.??"]

1. d4 d5 2. c4 e6 3. Nc3 Nf6 4. Bg5 c6 5. e3 Be7 6. Nf3 Nbd7 7. Qc2 h6 8. Bh4
O-O 9. Rd1 Qa5 10. a3 b6 11. Nd2 dxc4 12. Nxc4 Qh5 13. Bg3 g5 14. Be2 Qg6 15.
Bd3 Qg7 16. Ne5 Bb7 17. Ne4 Nxe4 18. Bxe4 Nxe5 19. Bxe5 f6 20. Bg3 f5 21. Be5
Bf6 22. Bxf6 Qxf6 23. Bd3 c5 24. O-O cxd4 25. exd4 Rad8 26. Qb3 Bd5 27. Bc4 Rf7
28. Rd2 Rfd7 29. Rfd1 Qf7 30. Bxd5 Rxd5 31. Qf3 e5 32. Qe2 Rxd4 33. Rxd4 Rxd4
34. Rxd4 exd4 35. Qd3 Qa2 36. h4 Qxb2 37. Qxf5 Qc1+ 38. Kh2 Qf4+ 39. Qxf4 gxf4
40. Kg1 b5 41. Kf1 a5 42. Ke2 b4 43. axb4 axb4 44. Kd3 b3 45. g4 fxg3 46. fxg3
Kf7 47. g4 Kf6 48. Kd2 Ke5 49. Kd3 Kf4 50. g5 hxg5 51. h5 Kf5 0-1

[Event "12. Süder Sommerpokal"]
[Site "Recklinghausen"]
[Date "2001.08.08"]
[Round "5"]
[White "Deinert, Wolfgang"]
[Black "Shalimov, Vitalij"]
[Result "0-1"]
[WhiteElo "1771"]
[BlackElo "1409"]
[PlyCount "76"]
[EventDate "2001.??.??"]

1. e4 g6 2. d4 Bg7 3. c3 d6 4. f4 e5 5. Nf3 Bg4 6. fxe5 dxe5 7. d5 Nf6 8. Qa4+
Nfd7 9. Bg5 Qc8 10. Be2 O-O 11. O-O Nc5 12. Qc2 Ncd7 13. Nbd2 b6 14. Nc4 Re8
15. Rad1 Nc5 16. Ne3 Bh5 17. Nh4 Bxe2 18. Qxe2 Nxe4 19. Nf3 Nd6 20. Nd2 Nd7 21.
Ng4 e4 22. Bh6 Ne5 23. Bxg7 Nxg4 24. Bd4 e3 25. Nf3 Nf5 26. c4 Nf2 27. Rc1 Nxd4
28. Nxd4 Qd8 29. Rc3 Qg5 30. Nc2 Nh3+ 31. Kh1 Nf4 32. Qf3 e2 33. Re1 Re5 34. d6
Rc8 35. dxc7 Rxc7 36. Nd4 Rd7 37. Nc6 Rd1 38. Rc1 Rxc1 0-1